Fernando Valls y Taberner : (1888 - 1942) (1888 - 1942)
Descripción Física:
7 f. ; 27 cm
MARC
| LEADER | 00000nam a2200000Ia 4500 | ||
|---|---|---|---|
| 001 | 12289 | ||
| 008 | 160829s9999 xx 000 0 cat d | ||
| 080 | |a FU-28-22 | ||
| 245 | |a Fernando Valls y Taberner : |b (1888 - 1942) | ||
| 260 | |a Barcelona : |b (Imp. Casa Prov. de Caridad), DL 1964 | ||
| 300 | |a 7 f. ; |c 27 cm | ||
| 600 | 1 | 0 | |a Valls i Taberner, Ferran, |d 1888-1942 |9 34615 |
| 650 | |a Valls i Taberner, Ferran |x Homenatges |9 22188 | ||
| 901 | |a Arxiu | ||
| 942 | |n 1 | ||
| 952 | |0 0 |1 0 |4 0 |6 FU2822 |7 1 |9 48817 |a Arxiu |b Arxiu |d 2016-12-01 |l 0 |o FU-28-22 |p 12289 |r 2016-12-01 00:00:00 |w 2016-12-01 |y ARXIU | ||
| 999 | |c 52651 |d 52651 | ||